| 000 | 00408nam a2200157Ia 4500 | ||
|---|---|---|---|
| 008 | 210716s2018 xx 000 0 und d | ||
| 020 | _a9789386873552 | ||
| 041 | _aeng | ||
| 082 | _a005.30287 WOLE | ||
| 100 | _aWolff, Eberhard. | ||
| 245 | _aPractical guide to continuous delivery. | ||
| 250 | _a1 | ||
| 260 |
_aNew Delhi _bPearson Education _c2018 |
||
| 300 | _axxvii,255 | ||
| 650 | _aSoftware Testing | ||
| 999 |
_c196266 _d196266 |
||